Normal view
MARC view
- المحاسبة - البنوك
Entry Topical Term
001 - CONTROL NUMBER
- control field: 47567
003 - CONTROL NUMBER IDENTIFIER
- control field: JO-AjAnu
005 - DATE AND TIME OF LATEST TRANSACTION
- control field: 20230606081842.0
008 - FIXED-LENGTH DATA ELEMENTS
- fixed length control field: 230606|| aca||aabn | a|a d
040 ## - CATALOGING SOURCE
- Original cataloging agency: JO-AjAnu
- Transcribing agency: JO-AjAnu
150 ## - HEADING--TOPICAL TERM
- Topical term or geographic name entry element: المحاسبة - البنوك
670 ## - SOURCE DATA FOUND
- Source citation: Work cat.: (JO-AjAnu)24341: الشرع، مجيد جاسم, author 47566, المحاسبة في المنظمات المالية: المصارف وشركات التأمين التجارية